| 000 | 00395cam a2200157ua 4500 | ||
|---|---|---|---|
| 003 | OSt | ||
| 008 | 250415b |||||||| |||| 00| 0 eng d | ||
| 041 | _aeng | ||
| 082 |
_a624 _bABB/AM |
||
| 100 |
_aAbbett, Robert W . _97400 |
||
| 245 | _aAmerican civil engineering practice, Vol 2 / | ||
| 250 | _a1 / | ||
| 260 |
_aLondon : _bJohn Wiley & Sons , _c1956. |
||
| 300 | _a175 ; . | ||
| 942 | _cBK | ||
| 999 |
_c10233 _d10233 |
||